| Tag |
First Indicator |
Second Indicator |
Subfields |
| LEADER |
00000cam a22000004a 4500 |
| 001 |
in00002786774 |
| 005 |
20151202171641.0 |
| 008 |
120724s2012 dcub b 001 0 eng |
| 010 |
|
|
|a 2012024786
|
| 020 |
|
|
|a 9780870032714 (pbk. : alk. paper)
|
| 020 |
|
|
|a 0870032712 (pbk. : alk. paper)
|
| 020 |
|
|
|a 9780870032721 (cloth : alk. paper)
|
| 020 |
|
|
|a 0870032720 (cloth : alk. paper)
|
| 035 |
|
|
|a (OCoLC)ocn794708171
|
| 035 |
|
|
|a (OCoLC)794708171
|
| 040 |
|
|
|a DLC
|b eng
|c DLC
|d YDX
|d BTCTA
|d OCLCO
|d BDX
|d YDXCP
|d BWX
|d HVC
|d UtOrBLW
|
| 042 |
|
|
|a pcc
|
| 043 |
|
|
|a a-cc---
|a a-ii---
|
| 049 |
|
|
|a TXAM
|
| 050 |
0 |
0 |
|a JZ1734.A57
|b I4 2012b
|
| 082 |
0 |
0 |
|a 359/.03091823
|2 23
|
| 100 |
1 |
|
|a Raja Mohan, C.
|
| 245 |
1 |
0 |
|a Samudra Manthan :
|b Sino-Indian rivalry in the Indo-Pacific /
|c C. Raja Mohan.
|
| 264 |
|
1 |
|a Washington, D.C. :
|b Carnegie Endowment for International Peace,
|c [2012]
|
| 264 |
|
4 |
|c ©2012
|
| 300 |
|
|
|a xii, 329 pages :
|b map ;
|c 24 cm.
|
| 336 |
|
|
|a text
|b txt
|2 rdacontent
|
| 337 |
|
|
|a unmediated
|b n
|2 rdamedia
|
| 338 |
|
|
|a volume
|b nc
|2 rdacarrier
|
| 504 |
|
|
|a Includes bibliographical references and index.
|
| 505 |
0 |
|
|a Introduction -- The structure of the rivalry -- In search of sea power -- Tacking to the blue waters -- Maritime nuclear power -- India's Pacific ambitions -- China eyes the Indian Ocean -- Circling the strategic islands -- Contesting the littoral -- Mitigating the security dilemma -- Ordering the Indo-Pacific -- Samudra manthan.
|
| 651 |
|
0 |
|a China
|x Foreign relations
|z India.
|
| 651 |
|
0 |
|a India
|x Foreign relations
|z China.
|
| 651 |
|
0 |
|a Indo-Pacific Region
|x Foreign relations.
|
| 650 |
|
0 |
|a Strategic rivalries (World politics)
|
| 938 |
|
|
|a Baker and Taylor
|b BTCP
|n BK0011354647
|
| 938 |
|
|
|a Brodart
|b BROD
|n 103299971
|
| 938 |
|
|
|a YBP Library Services
|b YANK
|n 7658595
|
| 938 |
|
|
|a Blackwell Book Service
|b BBUS
|n 7658595
|
| 947 |
|
|
|a A14836011141
|
| 945 |
|
|
|a PromptCat
|b 115751
|
| 946 |
|
|
|a stk
|
| 994 |
|
|
|a 92
|b TXA
|
| 948 |
|
|
|a Cataloged
|b h
|c 2012/12/5
|d c
|e EGrant
|
| 999 |
|
|
|a MARS
|
| 999 |
f |
f |
|s 1bf21048-4e49-39a1-94d9-9b03dee76050
|i 7588d1fb-6811-3b6a-94ba-3a86220a3504
|t 0
|
| 952 |
f |
f |
|p ric
|a Texas A&M University
|b Rellis Campus
|c Joint Library Facility
|d Remote Storage
|t 0
|e JZ1734.A57 I4 2012b
|h Library of Congress classification
|i unmediated -- volume
|m A14836011141
|
| 998 |
f |
f |
|a JZ1734.A57 I4 2012b
|t 0
|l Remote Storage
|